000 00840nam a22002537a 4500
003 DO-SdBNP
005 20250721105520.0
007 ta
008 210622e2006 dr ac||er|||| 001 0dspa d
020 _a9945406302
040 _aDO-SdBNP
_bspa
_cBNPHU
082 _bD542
_axxx
_222
100 _976346
_aDíaz, Julio César
_d1956
245 1 3 _aAyuntamiento y municipio :
_baprendamos a dirigirlos con éxito /
_cJulio César Díaz
260 _aSanto Domingo :
_b Editora Alfa y Omega ,
_c2006
300 _a117 p.
_bil., retr.
_c21 cm
590 _aInventariado, 2023 / DG
650 0 _aGobierno municipal
_917207
650 0 _93011
_aADMINISTRACÍON PÚBLICA
_zREPÚBLICA DOMINICANA
650 0 _915825
_aGOBIERNO LOCAL
_xREPÚBLICA DOMINICANA
650 0 _917208
_aMUNICIPIOS
_zREPÚBLICA DOMINICANA
910 _aDG
942 _2ddc
_cLBS1
999 _c49988
_d49988